Statistiques concernant Les compositions de la finale d'European Rugby Champions Cup 2015

Cliquez ici pour prendre le quiz!

Statistiques générales

  • Ce quiz a été pris 150 fois
  • Le résultat moyen est 20 sur 46

Statistiques - réponses

PostesEquipeJoueur% Correct
Demi de mêléeClermontMorgan Parra
87%
RemplaçantClermontAurélien Rougerie
78%
Demi d'ouvertureClermontCamille Lopez
78%
Troisième ligne aileToulonSteffon Armitage
76%
CentreToulonMathieu Bastareaud
71%
Demi d'ouvertureToulonMatt Giteau
68%
CentreClermontWesley Fofana
68%
Deuxième ligneToulonBakkies Botha
67%
AilierToulonBryan Habana
66%
Demi de mêléeToulonSébastien Tillous-Borde
65%
TalonneurToulonGuilhem Guirado
62%
TalonneurClermontBenjamin Kayser
56%
Troisième ligne centreClermontFritz Lee
56%
ArrièreClermontNick Abendanon
56%
RemplaçantToulonJuan Martin Fernandez Lobbe
54%
Pilier droitToulonCarl Hayman
52%
AilierToulonDrew Mitchell
51%
Troisième ligne aileToulonJuan Smith
50%
AilierClermontNapolioni Nalaga
50%
Troisième ligne aileClermontDamien Chouly
46%
Deuxième ligneClermontJamie Cudmore
46%
ArrièreToulonLeigh Halfpenny
44%
Pilier gaucheClermontVincent Debaty
43%
Pilier gaucheToulonXavier Chiocci
43%
Pilier droitClermontDavit Zirakashvili
42%
RemplaçantToulonFrédéric Michalak
39%
Troisième ligne aileClermontJulien Bonnaire
38%
Deuxième ligneToulonAli Williams
37%
AilierClermontNoa Nakaitaci
35%
RemplaçantClermontThomas Domingo
35%
Troisième ligne centreToulonChris Masoe
34%
Deuxième ligneClermontSébastien Vahaamahina
34%
RemplaçantClermontJulien Pierre
31%
CentreClermontJonathan Davies
30%
RemplaçantClermontJulien Bardy
25%
RemplaçantToulonJean-Charles Orioli
24%
RemplaçantToulonRomain Taofifenua
21%
RemplaçantClermontJohn Ulugia
19%
CentreToulonJuan Martin Hernandez
18%
RemplaçantClermontLudovic Radosavljevic
16%
RemplaçantToulonRudi Wulf
16%
RemplaçantClermontClément Ric
15%
RemplaçantClermontMichael Delany
15%
RemplaçantToulonLevan Chilachava
13%
RemplaçantToulonAlexandre Menini
10%
RemplaçantToulonVirgile Bruni
9%

Distribution des résultats

Percentile par nombre de réponses

% des personnes avec chaque résultat

Votre développement - résultats

Vous n’avez pas pris ce quiz